All Countries that have a monarch as head of state - Statistics

General Stats
  • This quiz has been taken 1,705 times
    1,584 since last reset
  • The average score is 35 of 43
Answer Stats
Hint Answer % Correct
Europe United Kingdom
96%
Europe Sweden
94%
Europe Norway
93%
Europe Denmark
91%
Asia Saudi arabia
91%
Europe Spain
91%
Europe Netherlands
90%
Asia Japan
89%
Commonwealth realm (Oceania) Australia
88%
Europe Belgium
88%
Asia Oman
88%
Asia Qatar
87%
Europe Luxembourg
86%
Commonwealth realm (Oceania) New Zealand
86%
Europe Liechtenstein
85%
Europe Monaco
85%
Asia Thailand
85%
Asia United Arab Emirates
85%
Europe Andorra
84%
Commonwealth realm (North America) Canada
84%
Asia Bahrain
83%
Asia Brunei
83%
Asia Jordan
83%
Asia Kuwait
82%
Europe Vatican
81%
Asia Bhutan
80%
Oceania Tonga
79%
Commonwealth realm (North America) Jamaica
78%
Commonwealth realm (North America) Saint kitts and nevis
78%
Commonwealth realm (North America) Bahamas
77%
Commonwealth realm (North America) Saint lucia
77%
Commonwealth realm (North America) Saint Vincent and the grenadines
76%
Commonwealth realm (Oceania) Tuvalu
76%
Asia Cambodia
73%
Commonwealth realm (North America) Antigua and Barbuda
72%
Asia Malaysia
72%
Commonwealth realm (North America) Grenada
71%
Africa Eswatini
70%
Commonwealth realm (Oceania) Solomon islands
70%
Africa Lesotho
69%
Commonwealth realm (North America) Belize
67%
Africa Morocco
65%
Commonwealth realm (Oceania) Papua new guinea
65%
No matching quizzes found
Score Distribution
Percent of People with Each Score
Percentile by Number Answered
Your Score History
You have not taken this quiz since the last reset